书目信息 |
| 题名: |
怎样写作
|
|
| 作者: | 叶圣陶 著 | |
| 分册: | ||
| 出版信息: | 北京 中华书局 2007.08 |
|
| 页数: | 151页 | |
| 开本: | 24cm | |
| 丛书名: | ||
| 单 册: | ||
| 中图分类: | H51-53 | |
| 科图分类: | ||
| 主题词: | 突厥语支 | |
| 电子资源: | ||
| ISBN: | 7-101-05737-3 | |
| 000 | 00546nam0 2200193 450 | |
| 001 | 1362259099 | |
| 005 | 20131219171907.37 | |
| 010 | @a7-101-05737-3@dCNY20.00 | |
| 100 | @a20131219d2007 km y0chiy0120 ea | |
| 101 | 0 | @achi |
| 102 | @aCN@b110000 | |
| 200 | 1 | @a怎样写作@Azen yang xie zuo@f叶圣陶著@Fye sheng tao zhu |
| 210 | @a北京@c中华书局@d2007.08 | |
| 215 | @a151页@d24cm | |
| 606 | 0 | @a突厥语支 |
| 690 | @aH51-53@v4 | |
| 701 | 0 | @a叶圣陶@Aye sheng tao@4著 |
| 801 | 0 | @aCN@b大连网信软件有限公司图书馆·11@c20131219 |
| 905 | @aZUCC@dH51-53@eY452 | |
| 怎样写作/叶圣陶著.-北京:中华书局,2007.08 |
| 151页;24cm |
| ISBN 7-101-05737-3:CNY20.00 |
| ● |
| 相关链接 |
|
|
|
正题名:怎样写作
索取号:H51-53/Y452
 
预约/预借
| 序号 | 登录号 | 条形码 | 馆藏地/架位号 | 状态 | 备注 |
| 1 | 492437 | 204924378 | 法学院资料室/ [索取号:H51-53/Y452] | 在馆 |